IBM SPSS for introductory statistics: Use and interpretation (Record no. 395531)

MARC details
000 -LEADER
fixed length control field 00650 a2200241 4500
005 - DATE & TIME
control field 20260121163144.0
008 - FIXED-LENGTH DATA ELEMENTS--GENERAL INFORMATION
fixed length control field 260121b |||||||| |||| 00| 0 eng d
020 ## - ISBN
International Standard Book Number 9781032410302
Price £ 44.99
040 ## - CATALOGING SOURCE
Original cataloging agency VIVEKANANDA LIBRARY
082 ## - DDC NUMBER
Classification number 005.15
Book Number B274I(7)
100 ## - MAIN ENTRY--PERSONAL NAME
Personal name Barrett, Karen C
245 ## - TITLE STATEMENT
Title IBM SPSS for introductory statistics: Use and interpretation
250 ## - EDITION STATEMENT
Edition statement 7th
260 ## - PUBLICATION, DISTRIBUTION, ETC. (IMPRINT)
Name of publisher, distributor, etc Routledge
Date of publication, distribution, etc 2026
Place of publication, distribution, etc New York
300 ## - PHYSICAL DESCRIPTION
Pages xiv, 253
650 ## - Subject
Subject Computer Science
650 ## - Subject
Subject Application Software
650 ## - Subject
Subject Data Collection
700 ## - Added Entry Personal Name
Added Entry Personal Name Leech, Nancy L
700 ## - Added Entry Personal Name
Added Entry Personal Name Gloeckner, Gene W
700 ## - Added Entry Personal Name
Added Entry Personal Name Morgan, George M
942 ## - ADDED ENTRY ELEMENTS (KOHA)
Koha item type Books
Holdings
Withdrawn status Lost status Source of classification or shelving scheme Damaged status Not for loan Location (home branch) Sublocation or collection (holding branch) Shelving location Date acquired Koha issues (times borrowed) Koha full call number Accession No. Koha date last seen Koha item type
    Dewey Decimal Classification     VIVEKANANDA LIBRARY VIVEKANANDA LIBRARY IHTM Library 17/01/2026   005.15 B274I(7) 444151 17/01/2026 Books
© Designed and Maintained by Vivekananda Library, MDU Rohtak